000 00557nam a2200229Ia 4500
003 OSt
005 20220924153605.0
006 a|||||r|||| 00| 0
007 ta
008 220923b |||||||| |||| 00| 0 tam d
024 _a350874
037 _cTextual
040 _aARTS
_cARTS
_btam
041 _2tam
_atam
082 _aQ, 31P1
100 _aPeriyakaruppu M Au.
_9229309
245 0 _aMatha nallinakkam
260 _c2001
650 _aRELIGION
942 _hQ, 31P1
_cTEXL
_2CC
999 _c474159
_d474159